Writing Computer Code / (Record no. 606799)
[ view plain ]
| 000 -LEADER | |
|---|---|
| fixed length control field | 00221nam a22000977a 4500 |
| 040 ## - CATALOGING SOURCE | |
| Original cataloging agency | 0 |
| 082 ## - DEWEY DECIMAL CLASSIFICATION NUMBER | |
| Classification number | 005.1,MIN |
| 100 ## - MAIN ENTRY--PERSONAL NAME | |
| Personal name | Minnick, Chris |
| 9 (RLIN) | 118618 |
| 245 ## - TITLE STATEMENT | |
| Title | Writing Computer Code / |
| Statement of responsibility, etc. | Chris Minnick, |
| 942 ## - ADDED ENTRY ELEMENTS (KOHA) | |
| Source of classification or shelving scheme | |
| Koha item type | Book |
| Withdrawn status | Lost status | Source of classification or shelving scheme | Damaged status | Not for loan | Permanent Location | Current Location | Shelving location | Date acquired | Total Checkouts | Full call number | Barcode | Checked out | Date last seen | Date last checked out | Price effective from | Koha item type |
|---|---|---|---|---|---|---|---|---|---|---|---|---|---|---|---|---|
| Military College of Signals (MCS) | Military College of Signals (MCS) | General Stacks | 11/13/2023 | 1 | 005.1,MIN | MCS38153 | 10/24/2025 | 06/26/2025 | 06/26/2025 | 11/13/2023 | Book |
